La sentinelle perdue : opéra-comique en un acte /

Bibliographic Details
Main Author: Saint-Georges, Henri, 1799-1875
Corporate Author: Opéra-Comique (Paris, France)
Other Authors: Rifaut, V. (Victor), 1798-1838
Format: Book
Language:French
Published: A Paris : chez Marchant, 1834
Series:Magasin théâtral ; t. 4.

MARC

Tag First Indicator Second Indicator Subfields
LEADER 00000cam a2200000Ia 4500
001 in00003475607
005 20171118063457.0
008 140808s1834 fr 000 0 fre d
035 |a (OCoLC)ocn885608409 
035 |a (OCoLC)885608409 
040 |a TXA  |c TXA  |d UtOrBLW 
049 |a TXAM 
090 |a PQ1222  |b .M33 1834b no. 4 
100 1 |a Saint-Georges, Henri,  |d 1799-1875. 
245 1 3 |a La sentinelle perdue :  |b opéra-comique en un acte /  |c par m. de Saint-Georges, musique de m. Rifaut. 
246 1 |i Binder's title:  |a Magasin theatral  |f [no.] 4, Anneés 1834 
264 1 |a A Paris :  |b chez Marchant,  |c 1834 
264 3 |a Paris :  |b Impr. de J.-R. Mevrel 
300 |a 15 pages ;  |c 25 cm. 
336 |a text  |b txt  |2 rdacontent 
337 |a unmediated  |b n  |2 rdamedia 
338 |a volume  |b nc  |2 rdacarrier 
490 1 |a [Magasin théâtral ;  |v t. 4 
500 |a This item is number 22 in a volume of 24 theatrical plays bound together with spine title: Magasin theatral, 4, Année, 1834. 
500 |a "Représenté pour la première fois, sur le théâtre royal de l'Opéra-comique, le 9 décembre 1834." 
700 1 |a Rifaut, V.  |q (Victor),  |d 1798-1838. 
710 2 |a Opéra-Comique (Paris, France) 
830 0 |a Magasin théâtral ;  |v t. 4. 
994 |a C0  |b TXA 
999 |a MARS 
999 f f |s 06f0e254-690b-30e0-9dff-47da33f5caa1  |i ea112466-93f8-3cc7-b60f-8fd61400ec11  |t 0 
952 f f |p noncirc  |a Texas A&M University  |b College Station  |c Cushing Memorial Library & Archives  |d Cushing: Dawson French (Does not check out)  |t 0  |e PQ1222 .M33 1834b no. 4  |h Library of Congress classification  |i unmediated -- volume 
998 f f |a PQ1222 .M33 1834b no. 4  |t 0  |l Cushing: Dawson French (Does not check out)